00486nam a2200157Ia 4500003000900000008004100009020002600050020002700076040001600103100001800119245006200137250001200199260003200211300002000243856006500263IN-BaIIA211028s9999 xx s 000 0 eng d a9780819440518 (Print) a9780819480699 (Online) cIIA Library aRiedl, Max J. 0aOptical Design Fundamentals for Infrared Systemsh[eBook] a2nd ed. aWashington, USAbSPIEc2001 aOnline resource uhttps://doi.org/10.1117/3.412729yClick Here to Access eBook